| 000 | 00954 a2200241 4500 | ||
|---|---|---|---|
| 005 | 20081010141724.0 | ||
| 008 | 081010t xxu||||| |||| 00| 0 ur d | ||
| 010 | _aUR-7270 | ||
| 020 | _c300.00 | ||
| 035 | _aU-5823 | ||
| 037 | _bD.B.Act/pub | ||
| 082 | _a842 | ||
| 100 | _aمعز اد ين احمد فا روق | ||
| 245 |
_aاردو پلے _cمعز الد ين احمد فاروق |
||
| 246 |
_aUrdu Play _bby Mauz Uddin Ahmad Farooq |
||
| 260 |
_aنا گپور _bمعز الدين احمدفاروق _c2006 |
||
| 270 |
_e440001 _a83،ٹا ءيگور روڈ سول لا ءن نا گپو ر _bنا گپور |
||
| 300 |
_a620ص _c22سينٹی ميٹر (سہ جلد) |
||
| 650 | _aڈرامہ | ||
| 700 | _aسيد معز الد ين احمد فا روق | ||
| 942 |
_adpl _cUR _2ddc _h842 _mمعز |
||
| 999 |
_c1494 _d1494 |
||